| 000 | 00817nam a2200217Ia 4500 | ||
|---|---|---|---|
| 003 | 0 | ||
| 005 | 20250122153639.0 | ||
| 008 | 150126s9999 xx 000 0 und d | ||
| 050 |
_aPHS LC 214 _b.N163 2014 |
||
| 100 | _aNakano, Shotaro P. | ||
| 245 |
_aSocial readiness of private and public graduating high school students to college life / _cShotaro P. Nakano. |
||
| 260 |
_aLas PiƱas City, Philippines : _bSouthville International School and Colleges, _c2014. |
||
| 300 |
_a46 pages : _billustration ; _c28 cm. |
||
| 504 | _aIncludes bibliographical references. | ||
| 650 | _aSocial Readiness. | ||
| 650 | _aTransition from high school to college. | ||
| 650 | _aCollege readiness. | ||
| 650 | _aAdjustment to college life. | ||
| 650 |
_aSocial adaptation of students _vHigher education. |
||
| 942 |
_2lcc _cPASS |
||
| 999 |
_c278707 _d278707 |
||